Eggless vegetarian cooking

Bibliographic Details
Main Author: Oon Lih Pyng
Format: Book
Published: Kuala Lumpur : Arenabuku , 1990
Subjects:

MARC

LEADER 00000cam a2200000 7i4500
001 0000003883
005 20050503.0
020 |a 9679701751 
040 |a INS 
090 0 0 |a TX837.   |b O58 1990 
100 1 |a Oon Lih Pyng 
245 1 0 |a Eggless vegetarian cooking   |c Oon Lih Pyng 
260 |a Kuala Lumpur :   |b Arenabuku ,   |c 1990 
650 0 0 |a Cookery 
650 0 0 |a Vegetarian cookery 
999 |a 0000004353   |b BOOK   |c Open Shelf   |e Default branch